00344nam a2200145Ia 4500008004100000020001500041041001200056082001600068100001100084245004800095260002500143300000800168650000800176700001400184221030s9999 xx 000 0 und d a0074635778 aEnglish a105.23bDas aA. Das 0aMicrowave Engineeringcby A. Das, S. K. Das bTMHaNew Delhic2000 a518 aECE aS. K. Das